00646nam a22001697a 450000500170000000800430001702000180006005000200007810000420009824500590014026000480019930000270024749000220027465100540029665100520035065100740040220220516081410.0220516b cu ||||| |||| 00| 0 spa d a978959061299204aF1412bG84 20101 aGuerra Vilaboy, Sergio,d1949-eautor1 aCronología del bicentenario /cSergio Guerra Vilaboy aLa Habana, Cuba :bCiencias sociales,c2010 a159 páginas ;c21 cm aAlba Bicentenario 72lembaAmérica LatinaySiglo XVIIIxCronología 72lembaAmérica LatinaySiglo XIXxCronología 72lembaAmérica LatinaxHistoriayGuerras de independencia, 1806-1830